<?xml version="1.0" encoding="UTF-8"?><?xml-stylesheet type="text/xsl" href="static/style.xsl"?><OAI-PMH xmlns="http://www.openarchives.org/OAI/2.0/" xmlns:xsi="http://www.w3.org/2001/XMLSchema-instance" xsi:schemaLocation="http://www.openarchives.org/OAI/2.0/ http://www.openarchives.org/OAI/2.0/OAI-PMH.xsd"><responseDate>2026-04-13T18:28:35Z</responseDate><request verb="GetRecord" identifier="oai:www.recercat.cat:10230/24629" metadataPrefix="marc">https://recercat.cat/oai/request</request><GetRecord><record><header><identifier>oai:recercat.cat:10230/24629</identifier><datestamp>2025-12-18T01:25:50Z</datestamp><setSpec>com_2072_6</setSpec><setSpec>col_2072_452952</setSpec></header><metadata><record xmlns="http://www.loc.gov/MARC21/slim" xmlns:dcterms="http://purl.org/dc/terms/" xmlns:xsi="http://www.w3.org/2001/XMLSchema-instance" xmlns:doc="http://www.lyncode.com/xoai" xsi:schemaLocation="http://www.loc.gov/MARC21/slim http://www.loc.gov/standards/marcxml/schema/MARC21slim.xsd">
   <leader>00925njm 22002777a 4500</leader>
   <datafield ind2=" " ind1=" " tag="042">
      <subfield code="a">dc</subfield>
   </datafield>
   <datafield ind2=" " ind1=" " tag="720">
      <subfield code="a">Puig i Barrachina, Vanessa, 1980-</subfield>
      <subfield code="e">author</subfield>
   </datafield>
   <datafield ind2=" " ind1=" " tag="720">
      <subfield code="a">Vanroelen, Christophe</subfield>
      <subfield code="e">author</subfield>
   </datafield>
   <datafield ind2=" " ind1=" " tag="720">
      <subfield code="a">Vives Vergara, Alejandra, 1971-</subfield>
      <subfield code="e">author</subfield>
   </datafield>
   <datafield ind2=" " ind1=" " tag="720">
      <subfield code="a">Martínez Martínez, José Miguel, 1974-</subfield>
      <subfield code="e">author</subfield>
   </datafield>
   <datafield ind2=" " ind1=" " tag="720">
      <subfield code="a">Muntaner, Carles, 1957-</subfield>
      <subfield code="e">author</subfield>
   </datafield>
   <datafield ind2=" " ind1=" " tag="720">
      <subfield code="a">Levecque, Katia</subfield>
      <subfield code="e">author</subfield>
   </datafield>
   <datafield ind2=" " ind1=" " tag="720">
      <subfield code="a">Benach, Joan</subfield>
      <subfield code="e">author</subfield>
   </datafield>
   <datafield ind2=" " ind1=" " tag="260">
      <subfield code="c">2015-07-22T10:24:46Z</subfield>
   </datafield>
   <datafield ind2=" " ind1=" " tag="260">
      <subfield code="c">2015-07-22T10:24:46Z</subfield>
   </datafield>
   <datafield ind2=" " ind1=" " tag="260">
      <subfield code="c">2014</subfield>
   </datafield>
   <datafield ind2=" " ind1=" " tag="520">
      <subfield code="a">BACKGROUND: Precarious employment is becoming an increasingly important social determinant of health inequalities among workers. The way in which contemporary employment arrangements and their health consequences are addressed in empirical research is mostly based on the contract-related or employment instability dimension. A broader conceptual approach including various important characteristics of the degrading of employment conditions and relations is needed./nOBJECTIVE: The general objective of this paper is to empirically test a new multidimensional construct for measuring precarious employment in an existing database. Special focus is on the social distribution of precarious employment. METHODS: A subsample of 21,415 participants in the EU-27 from the Fourth European Working Conditions Survey-2005 was analysed. A cross-sectional study of the social distribution of precarious employment was conducted through the analysis of proportional differences according to gender, social class and credentials for the European Union as a whole and within each country. The 8 dimensions of the employment precariousness construct were represented by 11 indicators. RESULTS: In general, women, workers without supervisory authority, those with fewer credentials, and those living in Eastern and Southern European countries suffer the highest levels of precarious employment. Exceptionally, men, workers with supervisory authority and those with the highest credentials suffer the highest levels of long working hours, schedule unpredictability and uncompensated flexible working times. CONCLUSIONS:  This article offers the first validation for an innovative multidimensional conceptualisation of employment precariousness applied to the analysis of existing survey data, showing the unequal distribution of precarious employment across the European labour force. This set of indicators can be useful for monitoring precarious employment.</subfield>
   </datafield>
   <datafield tag="653" ind2=" " ind1=" ">
      <subfield code="a">Treball precari -- Europa</subfield>
   </datafield>
   <datafield tag="653" ind2=" " ind1=" ">
      <subfield code="a">Treball -- Aspectes socials -- Europa</subfield>
   </datafield>
   <datafield tag="653" ind2=" " ind1=" ">
      <subfield code="a">Salut en el treball -- Europa</subfield>
   </datafield>
   <datafield ind2="0" ind1="0" tag="245">
      <subfield code="a">Measuring employment precariousness in the European Working Conditions Survey: the social distribution in Europe</subfield>
   </datafield>
</record></metadata></record></GetRecord></OAI-PMH>